000 00555nam a2200169Ia 4500
008 240729s9999 xx 000 0 und d
022 _a2543-6309
245 0 _aJournal of Theoretical and Applied Mechanics
260 _aPoland
260 _bPolish Society of Theoretical and Applied Mechanics
650 _a Engineering (General). Civil engineering (General)
650 _a Mechanics of engineering. Applied mechanics
650 _aTechnology
856 _uhttps://doaj.org/toc/8a8fa2889a7d477c8842317becac889f
942 _2ddc
942 _cDOAJEJ
999 _c73317
_d73317
945 _a1
_bMadushi Gamage
_c1
_dMadushi Gamage